Platform Funding Ltd v Bank of Scotland Plc (Formerly Halifax Plc) (Record no. 80651)

MARC details
000 -LEADER
fixed length control field 02186cad a22002895a 4500
001 - CONTROL NUMBER
control field L144934
008 - FIXED-LENGTH DATA ELEMENTS--GENERAL INFORMATION
fixed length control field 080826e20080731xxk f v 000 0 eng d
035 ## - SYSTEM CONTROL NUMBER
System control number (Sirsi) u144934
041 0# - LANGUAGE CODE
Language code of text/sound track or separate title eng
245 00 - TITLE STATEMENT
Title Platform Funding Ltd v Bank of Scotland Plc (Formerly Halifax Plc)
Medium [electronic resource]
260 ## - PUBLICATION, DISTRIBUTION, ETC.
Date of publication, distribution, etc. 2008
520 ## - SUMMARY, ETC.
Summary, etc. [2008] EWCA Civ 930, 31 July 2008. When a surveyor had been retained to inspect a property for valuation; there was an obligation to inspect the correct property and inspecting the wrong property was a breach of contract, regardless of the attention to detail applied to the valuation carried out on the property surveyed. Appellant surveyors (B) appealed against an award of breach of contract granted to respondent mortgage lender (P). B had surveyed a property prior to P issuing a mortgage against it. The mortagee had defaulted on payments and P had repossessed the property and it transpired that B had been misled by the borrower into inspecting a different property. P argued that a shortfall of roughly £30 000 when the property was sold should be met by B. Held: appeal dismissed. The judge found against B, stating that when the surveyor took on professional duties, he assumed a duty to exercise a degree of skill and care at least equal to a competent member of his profession. If a professional was working with care he could not be found to be warranted against the fraud of another.
590 ## - LOCAL NOTE (RLIN)
Local note KA
650 24 - SUBJECT ADDED ENTRY--TOPICAL TERM
Topical term or geographic name entry element PLATFORM FUNDING LTD V BANK OF SCOTLAND PLC (FORMERLY HALIFAX PLC)
650 24 - SUBJECT ADDED ENTRY--TOPICAL TERM
Topical term or geographic name entry element BARCLAYS BANK PLC V WEEKS LEGG & DEAN AND OTHERS
650 24 - SUBJECT ADDED ENTRY--TOPICAL TERM
Topical term or geographic name entry element GREAVES AND CO (CONTRACTORS) LTD V BAYNHAM MEIKLE AND PARTNERS
650 24 - SUBJECT ADDED ENTRY--TOPICAL TERM
Topical term or geographic name entry element HARMER V CORNELIUS
650 24 - SUBJECT ADDED ENTRY--TOPICAL TERM
Topical term or geographic name entry element MIDLAND BANK PLC V COX MCQUEEN
650 24 - SUBJECT ADDED ENTRY--TOPICAL TERM
Topical term or geographic name entry element SAMUELS V DAVIS
650 24 - SUBJECT ADDED ENTRY--TOPICAL TERM
Topical term or geographic name entry element SMITH V ERIC S BUSH
650 24 - SUBJECT ADDED ENTRY--TOPICAL TERM
Topical term or geographic name entry element VEBA OIL SUPPLY AND TRADING GMBH V PETROGRADE INC
650 24 - SUBJECT ADDED ENTRY--TOPICAL TERM
Topical term or geographic name entry element ZWEBNER V THE MORTGAGE CORPORATION LTD
651 #4 - SUBJECT ADDED ENTRY--GEOGRAPHIC NAME
Geographic name England and Wales
Chronological subdivision 1543-
690 ## - LOCAL SUBJECT ADDED ENTRY--TOPICAL TERM (OCLC, RLIN)
Topical term or geographic name as entry element PROPERTY-PROPERTY APPRAISAL AND VALUATION
856 40 - ELECTRONIC LOCATION AND ACCESS
Uniform Resource Identifier <a href="https://www.bailii.org/ew/cases/EWCA/Civ/2008/930.html">https://www.bailii.org/ew/cases/EWCA/Civ/2008/930.html</a>
Public note View the case free of charge online at www.bailii.org...
942 ## - ADDED ENTRY ELEMENTS (KOHA)
Suppress in OPAC 0
Holdings
Withdrawn status Lost status Source of classification or shelving scheme Damaged status Not for loan Home library Current library Shelving location Date acquired Total Checkouts Full call number Barcode Date last seen Copy number Price effective from Koha item type
    Dewey Decimal Classification     Virtual Virtual Online 26/08/2008   ONLINE PUBLICATION 144934-1001 06/08/2019 1 06/08/2019 Law report